000 01208nam a2200241 a 4500
001 39006
003 BD-RjUL
005 20211209052910.0
008 160331s1978 bg a|||| |||| 001 0 ben d
035 _a(BD-RjUL)39117
040 _aBD-RjUL
_bben
_cBD-RjUL
_dBD-RjUL
041 _aben
082 _223
_a315.4922
_bTAK 1978
100 _aটেলর, জেমস
_9120421
245 1 0 _aকোম্পানী আমলে ঢাকা /
_cজেমস টেলর ; মোহাম্মদ আসাদুজ্জামান অনুুদিত
260 _aঢাকা :
_bবাংলা একাডেমী,
_c১৯৭৮
300 _a১৮, ৩৭৪ পৃ. :
_bচিত্র ;
_c২২ সেমি
500 _aনির্ঘন্ট সংযুক্ত । ইষ্ট ইন্ডিয়া কোম্পানী সরকারের আদেশক্রমে মুদ্রিত ।
650 _aঢাকা (বাংলাদেশ)
_xপরিসংখ্যান
_9120422
650 _aDhaka (Bangladesh)
_xStatistics
_9120423
700 _aআসাদুজ্জামান, মোহাম্মদ, অনুবাদক
_9120424
942 _2ddc
_cBK
_02
999 _c39006
_d39006